बड़े होने का इंतजार/ (Record no. 204152)
[ view plain ]
| 000 -LEADER | |
|---|---|
| fixed length control field | 01024nam a22002177a 4500 |
| 005 - DATE AND TIME OF LATEST TRANSACTION | |
| control field | 20240716152536.0 |
| 010 ## - LCCN (DPL NO) | |
| LC control number | B-760045 |
| 020 ## - INTERNATIONAL STANDARD BOOK NUMBER | |
| Terms of availability | 150.00 |
| International Standard Book Number | 9789354096662 |
| 035 ## - SYSTEM CONTROL NUMBER | |
| System control number | B-760045 |
| 100 ## - MAIN ENTRY--PERSONAL NAME | |
| Personal name | चतुर्वेदी, पंकज |
| 245 ## - TITLE STATEMENT | |
| Title | बड़े होने का इंतजार/ |
| Statement of responsibility, etc | पंकज चतुर्वेदी |
| 260 ## - PUBLICATION, DISTRIBUTION, ETC. (IMPRINT) | |
| Place of publication, distribution, etc | नयई दिल्ली |
| Name of publisher, distributor, etc | प्रकाशन विभाग |
| Date of publication, distribution, etc | 2022 |
| 270 ## - ADDRESS | |
| City | नई दिल्ली |
| Address | सूचना भवन ,सी.जी.ओ. कॉम्पलेक्स, लोधी रोड़ |
| Postal code | 110002 |
| 300 ## - PHYSICAL DESCRIPTION | |
| Extent | 66पृ. |
| Dimensions | 24 सेमी(अजिल्द) |
| 650 ## - SUBJECT ADDED ENTRY--TOPICAL TERM | |
| Topical term or geographic name as entry element | हिन्दी -- साहित्य |
| 650 ## - SUBJECT ADDED ENTRY--TOPICAL TERM | |
| Topical term or geographic name as entry element | हिन्दी -- काव्य |
| 650 ## - SUBJECT ADDED ENTRY--TOPICAL TERM | |
| Topical term or geographic name as entry element | Hindi literature |
| 650 ## - SUBJECT ADDED ENTRY--TOPICAL TERM | |
| Topical term or geographic name as entry element | Hindi - Poetry |
| 942 ## - ADDED ENTRY ELEMENTS (KOHA) | |
| Source of classification or shelving scheme | Dewey Decimal Classification |
| Item type | Children Books |
| Classification part | क |
| Call number suffix | चतुर्वे |
| Withdrawn status | Lost status | Not for loan | Collection code | Home library | Current library | Date acquired | Source of acquisition | Cost, normal purchase price | Full call number | Barcode | Copy number | Cost, replacement price | Koha item type | Public note |
|---|---|---|---|---|---|---|---|---|---|---|---|---|---|---|
| Fiction | Shahdara Branch | Shahdara Branch | 16/07/2024 | उपहार/08.07.2024 | 150.00 | क चतुर्वे | B-760045 | 1 | 150.00 | Children Books | उपहार/ |
